Fr. Conceicao Rodrigues College of Engineering

Fuzzy logic with Engineering applications (Record no. 26597)

MARC details
000 -LEADER
fixed length control field 00372nam a2200169Ia 4500
082 ## - DEWEY DECIMAL CLASSIFICATION NUMBER
Classification number 4.65
Item number ROS
100 ## - MAIN ENTRY--PERSONAL NAME
Personal name Ross/Timothy J
245 ## - TITLE STATEMENT
Title Fuzzy logic with Engineering applications
260 ## - PUBLICATION, DISTRIBUTION, ETC.
Name of publisher, distributor, etc. Wiley India
Date of publication, distribution, etc. 2010
366 ## - TRADE AVAILABILITY INFORMATION
Publishers's discount category 20
300 ## - PHYSICAL DESCRIPTION
Extent 585
546 ## - LANGUAGE NOTE
Language note ENGLISH
-- Computers
650 ## - SUBJECT ADDED ENTRY--TOPICAL TERM
Topical term or geographic name entry element Fuzzy logic
654 ## - SUBJECT ADDED ENTRY--FACETED TOPICAL TERMS
Focus term fuzzy logic
942 ## - ADDED ENTRY ELEMENTS (KOHA)
Koha item type BOOK
Holdings
Withdrawn status Lost status Damaged status Not for loan Collection Home library Current library Date acquired Source of acquisition Cost, normal purchase price Inventory number Total Checkouts Full call number Barcode Date last seen Cost, replacement price Price effective from Koha item type
        CRC Fr. Agnel's C.Rodrigues College of Engineering Fr. Agnel's C.Rodrigues College of Engineering 17/03/2023 Book Service Syndicate 519.20 59 dt 11.06.2014   4.65 ROS 23160 17/03/2023 649.00   BOOK